Fotbalové superhvězdy. Zlatan válí /
Uloženo v:
| Hlavní autor: | |
|---|---|
| Další autoři: | , |
| Médium: | Kniha |
| Jazyk: | Czech |
| Vydáno: |
Praha :
Slovart,
2026
|
| Vydání: | Vydání první |
| Celkem bylo vypůjčeno: | 0x |
| Příbuzné jednotky: | Přeloženo z:
Football superstars |
| Tagy: |
Žádné tagy |
| LEADER | 01479nam a2200397 i 4500 | ||
|---|---|---|---|
| 001 | 106676 | ||
| 003 | CZ PrNK | ||
| 005 | 20260630143410.0 | ||
| 007 | ta | ||
| 008 | 260618s2026 xr a c 000 0 cze | ||
| 015 | |a cnb003765062 | ||
| 020 | |a 9788027614691 |q (brožováno) : |c Kč 199,00 | ||
| 040 | |a OLA001 |b cze |d ABA001 |e rda | ||
| 041 | 1 | |a cze |h eng | |
| 100 | 1 | |a Mugford, Simon |7 xx0038792 |4 aut |9 114383 | |
| 240 | 1 | 0 | |a Zlatan rules. |l Česky |
| 245 | 1 | 0 | |a Fotbalové superhvězdy. |p Zlatan válí / |c Simon Mugford, Dan Green ; z anglického originálu Football superstars - Zlatan rules ... přeložila Zuzana Bičíková |
| 246 | 3 | 0 | |a Zlatan válí |
| 246 | 1 | 8 | |a Zlatan |
| 250 | |a Vydání první | ||
| 264 | 1 | |a Praha : |b Slovart, |c 2026 | |
| 300 | |a 128 stran : |b ilustrace ; |c 20 cm | ||
| 336 | |a text |b txt |2 rdacontent | ||
| 336 | |a statický obraz |b sti |2 rdacontent | ||
| 337 | |a bez média |b n |2 rdamedia | ||
| 338 | |a svazek |b nc |2 rdacarrier | ||
| 500 | |a Text Simon Mugford, ilustrace Dan Green | ||
| 500 | |a Terminologický slovník | ||
| 700 | 1 | |a Green, Dan, |d 1975- |7 xx0160643 |4 ill | |
| 700 | 1 | |a Bičíková, Zuzana |7 kv2016900435 |4 trl |9 28834 | |
| 710 | 2 | |a Nakladatelství Slovart |7 kn20101109023 |4 pbl |9 117265 | |
| 765 | 0 | |t Football superstars | |
| 910 | |a UOG502 | ||
| 942 | |2 ddc |c KN | ||
| 999 | |d 106676 | ||
| 993 | |0 0 |1 421180107400 |2 ddc |4 0 |6 796_000000000000000 |7 0 |9 100178 |b 0 |c 107400 |d 2026-06-30 |e 0 |f M |g 796 |h 199.00 |i Koupě |l M |r 2026-06-30 |t 7 |w 2026-06-30 |y KN |z NAUCNA |n | ||